LDR 01104nam a2200229 i 4500 001 000000057367 003 CaOOAMICUS 005 20091126000000.0 008 091126s1996 it u000 u ita u 013 $a28539 040 $aSeMil$bita 100 1 $aCorti, Renato,$c
.$0(OLS)http://semarc/name/16279 245 10$aEucaristia e carità :$b"Nutrendoci della Parola e dell'Eucaristia saremo condotti a vivere la carità" : nota pastorale per l'anno 1996-97 /$cRenato Corti. 260 $aNovara :$b[s.n.],$c1996. 300 $a136 p. ;$c22 cm. 500 $aFondo Mezzanotti. 650 4$aVescovi novaresi - Lettere pastorali.$0(OLS)http://semarc/subject/9619 850 $aSeMil 852 $aSeMil$W1$xVenegono$y1$m2F I 311$j23521$B23521$CSeMilBibl$Z2$F23523 $81 961 $aOmaggio: Mezzanotti mons. Alessandro 996 $6245$aEucaristia e carità :$b"Nutrendoci della Parola e dell'Eucaristia saremo condotti a vivere la carità" : nota pastorale per l'anno 1996-97$9(OLS)http://semarc/title/89284 996 $6260$aNovara :$b[s.n.]$9(OLS)http://semarc/publisher/30468